书目信息 |
| 书名: | Chemistry and physics of carbon | |
| 作者: | Philip L.Walker.jr.and Peter A.Thrower. | |
| 分册号: | ||
| 分册名: | 出版地: |
|
| 出版社: | MARCEL DEKKER,INC | |
| 出版时间: | 1979. | |
| 页数: | 304p. : | |
| 开本: | 20 cm. | |
| 丛书名: | ||
| 中图分类号: | ||
| 科图分类号: | ||
| 其他分类号: | O613.71:H31 | |
| 主题词: | ||
| 电子资源: | ||
| 000 | 01077cas 22003370 4500 | |
| 001 | E0752338042 | |
| 003 | CaOON | |
| 005 | 20070509100843.56 | |
| 008 | 0306131979 9nyuuu1 0uuua0eng o | |
| 010 | @a66058302 //r88@z65027434 | |
| 020 | @cCNY1.80. | |
| 022 | 0 | @a0069-3138. |
| 030 | @aCPHCAY | |
| 035 | @a(OCoLC)ocl71265930 | |
| 040 | @beng@cDI@dCU-UC@dNIC@dFU@dCtY@dDLC@dNSDP@dOColC@dAIP@dNSDP@dOCoLC@dm/c@dNST@dDLC@dNST | |
| 042 | @alc@ansdp | |
| 050 | 00 | @aQD181.C1@bC44 |
| 082 | 00 | @a546.681 |
| 090 | @aP42/W55 | |
| 090 | @aO613.71:H31 | |
| 099 | @dO613.71:H31@ex2:17 | |
| 210 | 0 | @aChem. phys. carbon. |
| 222 | 0 | @aChemistry and physics of carbon. |
| 245 | 00 | @aChemistry and physics of carbon :@ba series of advances / @cPhilip L.Walker.jr.and Peter A.Thrower.@n17. |
| 260 | @bMARCEL DEKKER,INC,@c1979. | |
| 300 | @a304p. :@bill. ;@c20 cm. | |
| 510 | 2 | @aGeoRef@x0197-7482. |
| 650 | 0 | @aCarbon. |
| 700 | 1 | @aWalker, P. L.@q(Philip L.),@d1928-,@eed. |
| 700 | 1 | @aWalker, Philip L.,@d1928- |
| 920 | @a232010@z2 | |
| Chemistry and physics of carbon : : a series of advances / / Philip L.Walker.jr.and Peter A.Thrower.. 17.-MARCEL DEKKER,INC, , 1979. |
| 304p. : : ill. ; ; 20 cm. |
| GeoRef |
| ISBN CNY1.80. |
| ● |
| 相关链接 |
|
|
|
|
正题名:Chemistry and physics of carbon
索取号:O613.71:H31/x2:17
 
预约/预借
| 序号 | 登录号 | 条形码 | 馆藏地/架位号 | 状态 | 备注 |
| 1 | 128355 | 000636994 | 第四借阅区/ [索取号:O613.71:H31/x2:17] | 在馆 | |
| 2 | 128356 | 000636976 | 第四借阅区/ [索取号:O613.71:H31/x2:17] | 在馆 | |
| 3 | 128358 | 000636985 | 第四借阅区/ [索取号:O613.71:H31/x2:17] | 在馆 | |
| 4 | 128360 | 000636912 | 第四借阅区/ [索取号:O613.71:H31/x2:17] | 在馆 | |
| 5 | 128361 | 000636921 | 第四借阅区/ [索取号:O613.71:H31/x2:17] | 在馆 | |
| 6 | 128362 | 000636930 | 第四借阅区/ [索取号:O613.71:H31/x2:17] | 在馆 | |
| 7 | 128363 | 000636949 | 第四借阅区/ [索取号:O613.71:H31/x2:17] | 在馆 | |
| 8 | 128364 | 000636958 | 第二样本阅览室/ [索取号:O613.71:H31/x2:17] | 在馆 |